| 000 | 00346nam a2200121Ia 4500 | ||
|---|---|---|---|
| 008 | 160319s9999 xx 000 0 und d | ||
| 245 | _aStonyhurst foundation Day 2006 Disc 2 / | ||
| 245 | _cStonyhurst Southville International School Batangas. | ||
| 260 | _c2006 | ||
| 300 | _a1 videodisc : | ||
| 300 | _bsound, color. ; | ||
| 300 | _c4 3/4 in. | ||
| 999 |
_c292610 _d292610 |
||